[Event "DEM U10/U10w 2003"]
[Site "Willingen GER"]
[Date "2003.06.13"]
[Round "10"]
[White "Dünzel, Jonas"]
[Black "Oat, Daniela"]
[Result "1-0"]
[Termination "normal"]
[Board "21"]
[WhiteElo "1230"]
[BlackElo "850"]
[PlyCount "103"]
[WhiteFideId "24631167"]
[EventCountry "GER"]
[EventRounds "11"]
[EventType "swiss"]
[EventDate "2003.06.07"]

1. e4 e5 2. Nf3 Nc6 3. Bc4 Bc5 4. c3 d6 5. d4 exd4 6. cxd4 Bb6 7. Ng5 Be6 8. d5
Bxd5 9. Bxd5 Qf6 10. O-O Nh6 11. Qf3 Qxf3 12. Nxf3 O-O-O 13. Bxc6 bxc6 14. Bxh6
gxh6 15. Nc3 d5 16. e5 d4 17. Na4 Rhg8 18. Rac1 Kb7 19. Nc5+ Bxc5 20. Rxc5 h5
21. Rfc1 Rg7 22. Rxc6 Rd7 23. h3 Rg6 24. R6c4 d3 25. Rd4 Kc8 26. Rxd7 Kxd7 27.
Rc3 Rc6 28. Rxd3+ Kc8 29. Rc3 Rb6 30. Rb3 Ra6 31. Rc3 Rb6 32. Rb3 Rc6 33. Rc3
Rb6 34. b3 f5 35. exf6 Rxf6 36. a3 Rd6 37. b4 Rd1+ 38. Kh2 Ra1 39. Ng5 h6 40.
Nf7 Ra2 41. f3 Re2 42. Nxh6 Re6 43. Nf7 Rf6 44. Ng5 Rg6 45. Ne4 a6 46. a4 Kb8
47. Nc5 Ka7 48. b5 a5 49. Na6 Rb6 50. Rxc7+ Ka8 51. Rc6 Rb7 52. g4 1-0

[Event "DEM U10/U10w 2003"]
[Site "Willingen GER"]
[Date "2003.06.13"]
[Round "10"]
[White "Rosenburg, Thies"]
[Black "Gheng, Hannelore"]
[Result "0-1"]
[Termination "normal"]
[Board "22"]
[WhiteElo "1052"]
[BlackElo "1192"]
[PlyCount "116"]
[EventCountry "GER"]
[EventRounds "11"]
[EventType "swiss"]
[EventDate "2003.06.07"]

1. e4 c5 2. Nf3 d6 3. Nc3 Nf6 4. h3 g6 5. d3 Bg7 6. Be2 O-O 7. Bd2 Nc6 8. O-O
b6 9. Re1 Bb7 10. Qc1 Rc8 11. Bh6 e6 12. Bxg7 Kxg7 13. Qe3 Nb4 14. Qd2 d5 15.
e5 Ng8 16. a3 Nc6 17. Nd1 Qc7 18. Qf4 f6 19. exf6+ Rxf6 20. Qd2 d4 21. c3 Nce7
22. cxd4 Bxf3 23. Bxf3 cxd4 24. b3 Qc5 25. Bg4 Nf5 26. Bxf5 Qxf5 27. Qb4 e5 28.
Rf1 Qxd3 29. Nb2 Qc3 30. Qxc3 Rxc3 31. b4 d3 32. Rfc1 Rc2 33. Rxc2 dxc2 34. Rc1
Rc6 35. Kf1 Rc3 36. Ke2 Rxa3 37. Rxc2 Rb3 38. Nd3 e4 39. Ne1 Rxb4 40. Rc7+ Kf6
41. Rxa7 h5 42. Kd2 b5 43. Nc2 Ra4 44. Rxa4 bxa4 45. Kc3 Ne7 46. Kb4 Nd5+ 47.
Kxa4 Kf5 48. Kb3 Kf4 49. Kc4 e3 50. fxe3+ Nxe3+ 51. Nxe3 Kxe3 52. Kc3 Kf2 53.
Kd3 Kxg2 54. Ke2 g5 55. Ke3 g4 56. hxg4 hxg4 57. Kf4 g3 58. Ke3 Kf1 0-1

[Event "DEM U10/U10w 2003"]
[Site "Willingen GER"]
[Date "2003.06.13"]
[Round "10"]
[White "Thiele, Eileen"]
[Black "Boos, Philipp"]
[Result "0-1"]
[Termination "normal"]
[Board "27"]
[WhiteElo "695"]
[BlackElo "1414"]
[PlyCount "146"]
[EventCountry "GER"]
[EventRounds "11"]
[EventType "swiss"]
[EventDate "2003.06.07"]

1. e4 d5 2. exd5 Qxd5 3. Nc3 Qa5 4. Bc4 Nf6 5. d3 c6 6. Bd2 Nbd7 7. a4 e6 8.
Nge2 Qc7 9. O-O Bd6 10. Ng3 O-O 11. Bg5 h6 12. Be3 Nd5 13. Qd2 Nxe3 14. Qxe3
Ne5 15. Bb3 Ng6 16. Nce4 b6 17. Nxd6 Qxd6 18. c3 Bb7 19. d4 Rad8 20. Rad1 Rd7
21. Ne2 Rfd8 22. Rd2 c5 23. Rfd1 c4 24. Bxc4 Qc6 25. d5 Qxc4 26. dxe6 Rxd2 27.
exf7+ Qxf7 28. Rxd2 Rxd2 29. Qxd2 Qd5 30. Qxd5+ Bxd5 31. f3 Kf7 32. Kf2 Kf6 33.
Kg3 Ne5 34. Kf4 Nd3+ 35. Ke3 Nxb2 36. Kd4 Bc6 37. Ng3 Nxa4 38. c4 Nc5 39. h4 a5
40. Nh5+ Kf7 41. Nf4 Ke7 42. Ne2 Kf6 43. Nc1 Kf5 44. Ke3 Ke5 45. f4+ Kf5 46. g3
b5 47. cxb5 Bxb5 48. Kd4 Nd3 49. Nxd3 Bxd3 50. Kxd3 a4 51. Kc3 a3 52. Kb3 Kg4
53. f5 Kxg3 54. f6 gxf6 55. Kxa3 f5 56. Kb3 f4 57. Kc3 f3 58. Kd2 f2 59. Ke2
Kg2 60. Kd3 f1=Q+ 61. Ke4 Qf2 62. Kd5 Qe3 63. Kd6 Qe4 64. h5 Kf3 65. Kc5 Qd3
66. Kc6 Qd4 67. Kc7 Qd5 68. Kb8 Qf7 69. Ka8 Qd7 70. Kb8 Ke4 71. Ka8 Kd5 72. Kb8
Kc6 73. Ka8 Qb7# 0-1

[Event "DEM U10/U10w 2003"]
[Site "Willingen GER"]
[Date "2003.06.13"]
[Round "10"]
[White "Spangenberg, Pia"]
[Black "Muschak, Theresia"]
[Result "1-0"]
[Termination "normal"]
[Board "33"]
[WhiteElo "1089"]
[BlackElo "860"]
[PlyCount "119"]
[WhiteFideId "4627989"]
[EventCountry "GER"]
[EventRounds "11"]
[EventType "swiss"]
[EventDate "2003.06.07"]

1. e4 e5 2. Nf3 Nc6 3. d4 exd4 4. Nxd4 Nf6 5. Bg5 h6 6. Nxc6 bxc6 7. Bh4 Be7 8.
e5 Nd5 9. Bg3 d6 10. Bc4 Be6 11. O-O O-O 12. Qf3 Qd7 13. Nc3 Nxc3 14. Bxe6 Qxe6
15. Qxc3 c5 16. Rfe1 Qd5 17. b3 Rab8 18. Rad1 Qc6 19. Qd3 Rfd8 20. exd6 Bxd6
21. Bxd6 cxd6 22. Re7 Ra8 23. Qf5 Rf8 24. Qf4 d5 25. Rc7 Qf6 26. Qxf6 gxf6 27.
Rxd5 Rfe8 28. Rd1 Re2 29. Rxc5 Rae8 30. Kf1 R2e5 31. Rxe5 fxe5 32. c4 Rc8 33.
Ke2 f6 34. Ke3 Kg7 35. Ke4 a5 36. f4 exf4 37. Kxf4 Kg6 38. Rc1 f5 39. c5 Kf6
40. h3 h5 41. a3 Kg6 42. b4 axb4 43. axb4 Rb8 44. Rb1 Kf6 45. c6 Ke7 46. b5 Kd6
47. Kxf5 Kc7 48. Kg5 Rb6 49. Kxh5 Kd6 50. g4 Kc7 51. g5 Kd6 52. g6 Kc7 53. g7
Kd6 54. g8=Q Kc5 55. c7 Rxb5 56. Rxb5+ Kxb5 57. Qd5+ Kb6 58. Qc4 Ka5 59. c8=Q
Kb6 60. Q4a6# 1-0

[Event "DEM U10/U10w 2003"]
[Site "Willingen GER"]
[Date "2003.06.13"]
[Round "10"]
[White "Matschewsky, Justus"]
[Black "Wild, Katharina"]
[Result "1-0"]
[Termination "normal"]
[Board "34"]
[WhiteElo "880"]
[BlackElo "1063"]
[PlyCount "61"]
[WhiteFideId "24678708"]
[BlackFideId "24678015"]
[EventCountry "GER"]
[EventRounds "11"]
[EventType "swiss"]
[EventDate "2003.06.07"]

1. e4 c6 2. d4 d5 3. e5 Bf5 4. Nc3 e6 5. Nf3 Ne7 6. Bg5 h6 7. Bh4 Nd7 8. Be2 a6
9. O-O c5 10. a3 cxd4 11. Nxd4 Bh7 12. Bh5 Qb8 13. Nxe6 Qxe5 14. Nxf8 Rxf8 15.
Bxe7 Qxe7 16. Nxd5 Qe5 17. Re1 Kd8 18. Rxe5 Nxe5 19. Nb6+ Kc7 20. Nxa8+ Rxa8
21. Qd5 f6 22. f4 Rd8 23. Qa5+ b6 24. Qc3+ Kb7 25. fxe5 fxe5 26. Qf3+ Kb8 27.
Qc6 Rc8 28. Qxb6+ Ka8 29. Bf7 Bxc2 30. Bd5+ Rc6 31. Bxc6# 1-0

[Event "DEM U10/U10w 2003"]
[Site "Willingen GER"]
[Date "2003.06.13"]
[Round "10"]
[White "Spangenberg, Romy"]
[Black "Salzmann, Tim"]
[Result "0-1"]
[Termination "normal"]
[Board "37"]
[WhiteElo "833"]
[BlackElo "932"]
[PlyCount "70"]
[WhiteFideId "4627997"]
[EventCountry "GER"]
[EventRounds "11"]
[EventType "swiss"]
[EventDate "2003.06.07"]

1. e4 e6 2. d4 d5 3. exd5 exd5 4. Bd3 Nf6 5. Nf3 Be7 6. c3 Bg4 7. Bf4 O-O 8.
O-O Nbd7 9. Nbd2 c5 10. dxc5 Nxc5 11. Bc2 Qb6 12. Be3 Qxb2 13. Bd4 Qb6 14. Qe1
Rfe8 15. Qc1 Bxf3 16. Nxf3 Qc6 17. Bb3 b6 18. c4 dxc4 19. Qxc4 Qe6 20. Rfe1
Qxc4 21. Bxc4 h6 22. Bb5 Nce4 23. Bxe8 Rxe8 24. h3 Bb4 25. Re3 Nd5 26. Re2 Nf4
27. Rb2 Bd6 28. Be3 Nd3 29. Rc2 Nb4 30. Rb2 Nd3 31. Rb3 Nb4 32. Bf4 Nc2 33. Rc1
Bxf4 34. Rxc2 Rd8 35. Rc4 Rd1+ 0-1

[Event "DEM U10/U10w 2003"]
[Site "Willingen GER"]
[Date "2003.06.13"]
[Round "10"]
[White "Penner, Markus"]
[Black "Rosenburg, Hauke"]
[Result "1-0"]
[Termination "normal"]
[Board "38"]
[WhiteElo "1211"]
[BlackElo "908"]
[PlyCount "85"]
[EventCountry "GER"]
[EventRounds "11"]
[EventType "swiss"]
[EventDate "2003.06.07"]

1. e4 d5 2. exd5 Qxd5 3. Nc3 Qd8 4. d4 Nf6 5. Bc4 h6 6. Bf4 a6 7. Qd2 Bf5 8.
O-O-O Ne4 9. Nxe4 Bxe4 10. f3 Bg6 11. Ne2 Nd7 12. g4 Nb6 13. Bd3 Bxd3 14. Qxd3
Nd5 15. h4 Nxf4 16. Nxf4 Qd6 17. Qe4 Qc6 18. d5 Qd6 19. Qa4+ b5 20. Qe4 Qb6 21.
d6 Rd8 22. dxe7 Bxe7 23. Nd5 Qc5 24. Nxe7 Qxe7 25. Qc6+ Kf8 26. Qxa6 Qe3+ 27.
Kb1 Rxd1+ 28. Rxd1 Ke7 29. Qxb5 Rd8 30. Qf1 Rxd1+ 31. Qxd1 Qf2 32. h5 f6 33. a4
Qa7 34. b3 Qe3 35. a5 Qc5 36. Qe2+ Kf8 37. a6 Qb6 38. Qc4 Ke8 39. Qg8+ Kd7 40.
Qxg7+ Ke8 41. Qxh6 Qxa6 42. Qh8+ Kf7 43. Qh7+ 1-0

[Event "DEM U10/U10w 2003"]
[Site "Willingen GER"]
[Date "2003.06.14"]
[Round "11"]
[White "Gadschisade, Machmud"]
[Black "Zelbel, Patrick"]
[Result "1/2-1/2"]
[Termination "normal"]
[Board "1"]
[WhiteElo "1428"]
[BlackElo "1595"]
[PlyCount "40"]
[WhiteFideId "4647734"]
[BlackFideId "24624322"]
[EventCountry "GER"]
[EventRounds "11"]
[EventType "swiss"]
[EventDate "2003.06.07"]

1. Nf3 Nf6 2. b3 d5 3. Bb2 e6 4. e3 c5 5. d4 Nc6 6. Bb5 Bd7 7. Bxc6 Bxc6 8. O-O
Be7 9. Nbd2 Rc8 10. a4 O-O 11. Ba3 cxd4 12. Bxe7 Qxe7 13. Nxd4 Qc7 14. Nxc6
Qxc6 15. c4 Rfd8 16. Qe2 Qb6 17. Rac1 dxc4 18. bxc4 Qb2 19. Rfd1 Ne4 20. Rb1
Qa2 1/2-1/2

[Event "DEM U10/U10w 2003"]
[Site "Willingen GER"]
[Date "2003.06.14"]
[Round "11"]
[White "Mihok, Oliver"]
[Black "Friedrich, Wiede"]
[Result "1/2-1/2"]
[Termination "normal"]
[Board "2"]
[WhiteElo "1913"]
[BlackElo "1431"]
[PlyCount "60"]
[WhiteFideId "728012"]
[BlackFideId "24629537"]
[EventCountry "GER"]
[EventRounds "11"]
[EventType "swiss"]
[EventDate "2003.06.07"]

1. e4 c6 2. d4 d5 3. e5 Bf5 4. Nc3 e6 5. g4 Bg6 6. Nge2 c5 7. h4 h5 8. Nf4 hxg4
9. Nxg6 fxg6 10. Qxg4 Qd7 11. Qxg6+ Qf7 12. Qxf7+ Kxf7 13. Be3 cxd4 14. Bxd4
Nc6 15. O-O-O g5 16. h5 Bg7 17. Be3 Bh6 18. Bh3 d4 19. Bxd4 g4+ 20. Kb1 gxh3
21. Rxh3 Bg7 22. f4 Rd8 23. Nb5 a6 24. Nd6+ Rxd6 25. exd6 Bxd4 26. Rhd3 Bf6 27.
d7 Nh6 28. c4 Nf5 29. Rb3 Na5 30. Rbd3 Nc6 1/2-1/2

[Event "DEM U10/U10w 2003"]
[Site "Willingen GER"]
[Date "2003.06.14"]
[Round "11"]
[White "Graf, Felix"]
[Black "Giesler, Julius"]
[Result "1/2-1/2"]
[Termination "normal"]
[Board "3"]
[WhiteElo "1805"]
[BlackElo "1243"]
[PlyCount "75"]
[WhiteFideId "24608904"]
[EventCountry "GER"]
[EventRounds "11"]
[EventType "swiss"]
[EventDate "2003.06.07"]

1. d4 d5 2. Nf3 e6 3. c3 Nf6 4. Bg5 Be7 5. Nbd2 Nbd7 6. e3 O-O 7. Bd3 Re8 8.
O-O c6 9. Qe2 Nb6 10. e4 dxe4 11. Nxe4 Nxe4 12. Qxe4 f5 13. Qh4 Bxg5 14. Nxg5
h6 15. Nf3 Qxh4 16. Nxh4 Kf7 17. Rfe1 Bd7 18. Nf3 Rac8 19. Ne5+ Kf8 20. b4 Rc7
21. Be2 Ke7 22. Bh5 Rd8 23. Bg6 Kf6 24. c4 Nxc4 25. Nxc4 Kxg6 26. Re2 Bc8 27.
Rd1 Kf6 28. Ne5 c5 29. Rc2 b6 30. f4 Ba6 31. g3 Bb5 32. Rdc1 Rxd4 33. bxc5 bxc5
34. Rxc5 Rxc5 35. Rxc5 Rd1+ 36. Kf2 a6 37. Rc7 Be8 38. Ke2 1/2-1/2

[Event "DEM U10/U10w 2003"]
[Site "Willingen GER"]
[Date "2003.06.14"]
[Round "11"]
[White "Höfer, Michael"]
[Black "Lobmeyer, Fabian"]
[Result "0-1"]
[Termination "normal"]
[Board "4"]
[WhiteElo "1003"]
[BlackElo "1316"]
[PlyCount "44"]
[WhiteFideId "24668850"]
[BlackFideId "24659681"]
[EventCountry "GER"]
[EventRounds "11"]
[EventType "swiss"]
[EventDate "2003.06.07"]

1. d4 Nf6 2. Nf3 e6 3. c4 d5 4. Nc3 Bb4 5. Bd2 Nc6 6. a3 Be7 7. e3 O-O 8. Bd3
b6 9. O-O Bb7 10. Rb1 dxc4 11. Bxc4 Bd6 12. Bd3 e5 13. dxe5 Nxe5 14. Nxe5 Bxe5
15. Bc2 c5 16. Qe2 Re8 17. Rfd1 Qc7 18. h3 Rad8 19. Rbc1 Qc8 20. Kh1 Qxh3+ 21.
Kg1 Qh2+ 22. Kf1 Qh1# 0-1

[Event "DEM U10/U10w 2003"]
[Site "Willingen GER"]
[Date "2003.06.14"]
[Round "11"]
[White "Schäfer, Alexander"]
[Black "Kartsev, Alexandr"]
[Result "1-0"]
[Termination "normal"]
[Board "5"]
[WhiteElo "1646"]
[BlackElo "1258"]
[PlyCount "57"]
[WhiteFideId "24615196"]
[BlackFideId "24647110"]
[EventCountry "GER"]
[EventRounds "11"]
[EventType "swiss"]
[EventDate "2003.06.07"]

1. e4 d5 2. exd5 Nf6 3. d4 Nxd5 4. Nf3 Bf5 5. Bd3 Bg6 6. O-O Nc6 7. c3 e6 8.
Re1 Bd6 9. Bxg6 hxg6 10. c4 Nf6 11. d5 Ne7 12. Qa4+ c6 13. dxe6 fxe6 14. Rxe6
Qc7 15. h3 a6 16. Nc3 O-O-O 17. Bg5 Rhf8 18. Rae1 Rd7 19. b4 Rf7 20. c5 Bf4 21.
Bxf4 Qxf4 22. Ne5 Nfd5 23. Nxf7 Nxc3 24. Qb3 Rd3 25. Nd6+ Kb8 26. Rxe7 Ne2+ 27.
R1xe2 Rxb3 28. Rxb7+ Ka8 29. Re8# 1-0

[Event "DEM U10/U10w 2003"]
[Site "Willingen GER"]
[Date "2003.06.14"]
[Round "11"]
[White "Huhnstock, Rico"]
[Black "Schmitt, Philipp"]
[Result "1/2-1/2"]
[Termination "normal"]
[Board "6"]
[WhiteElo "1311"]
[BlackElo "1458"]
[PlyCount "102"]
[WhiteFideId "24642932"]
[BlackFideId "24641766"]
[EventCountry "GER"]
[EventRounds "11"]
[EventType "swiss"]
[EventDate "2003.06.07"]

1. e4 e6 2. d4 d5 3. exd5 exd5 4. Bf4 Bf5 5. Nf3 Nc6 6. Be2 Bd6 7. Bxd6 Qxd6 8.
O-O Nge7 9. c3 O-O 10. Nbd2 Rfe8 11. Nb3 Ng6 12. Qd2 a6 13. Rfe1 Qf4 14. Nc5
Qxd2 15. Nxd2 b6 16. Ncb3 Nf4 17. Nc1 Nxe2+ 18. Nxe2 Re7 19. Nf4 Rae8 20. Nf3
Be4 21. Nd2 Bf5 22. Nf3 Rxe1+ 23. Rxe1 Rxe1+ 24. Nxe1 Ne7 25. Nf3 c5 26. dxc5
bxc5 27. Kf1 f6 28. Ke2 Kf7 29. Nd2 g5 30. Nd3 Bxd3+ 31. Kxd3 Ke6 32. b4 c4+
33. Ke2 Ke5 34. Nf3+ Ke4 35. Nd4 Nf5 36. Nxf5 Kxf5 37. Kf3 h5 38. h3 Ke5 39.
Ke3 f5 40. g3 f4+ 41. gxf4+ gxf4+ 42. Kd2 d4 43. cxd4+ Kxd4 44. a4 c3+ 45. Kc2
Kc4 46. b5 axb5 47. axb5 Kxb5 48. Kxc3 Kc5 49. f3 h4 50. Kd3 Kd5 51. Kc3 Kc5
1/2-1/2

[Event "DEM U10/U10w 2003"]
[Site "Willingen GER"]
[Date "2003.06.14"]
[Round "11"]
[White "Wittke, René"]
[Black "Rafayevych, Wilen"]
[Result "1-0"]
[Termination "normal"]
[Board "7"]
[WhiteElo "1438"]
[BlackElo "1301"]
[PlyCount "49"]
[WhiteFideId "24640255"]
[EventCountry "GER"]
[EventRounds "11"]
[EventType "swiss"]
[EventDate "2003.06.07"]

1. e4 d5 2. exd5 Qxd5 3. Nc3 Qd6 4. Nf3 a6 5. Be2 Nf6 6. d3 Bf5 7. Be3 Nc6 8.
Qd2 O-O-O 9. Bf4 e5 10. Bg3 Qe6 11. O-O Bb4 12. a3 Bxc3 13. bxc3 h5 14. h4 Nh7
15. Rab1 f6 16. Rb2 g5 17. Rfb1 b6 18. d4 e4 19. Bxa6+ Kb8 20. Nh2 Rhe8 21.
Rxb6+ Ka8 22. R6b5 Qd7 23. Bb7+ Ka7 24. Bxc6 Qxc6 25. Ra5+ 1-0

[Event "DEM U10/U10w 2003"]
[Site "Willingen GER"]
[Date "2003.06.14"]
[Round "11"]
[White "Weber, Raphael"]
[Black "Wilke, Friedrich"]
[Result "1-0"]
[Termination "normal"]
[Board "8"]
[WhiteElo "1250"]
[BlackElo "1340"]
[PlyCount "77"]
[WhiteFideId "24644110"]
[EventCountry "GER"]
[EventRounds "11"]
[EventType "swiss"]
[EventDate "2003.06.07"]

1. e4 g6 2. d4 Bg7 3. Nc3 c6 4. Nf3 e6 5. Bd3 d5 6. O-O Ne7 7. Bf4 O-O 8. Qd2
Re8 9. Bh6 Bh8 10. Rfe1 Nd7 11. Rad1 Qb6 12. exd5 exd5 13. Na4 Qd8 14. Bg5 Nf6
15. h3 a5 16. Re2 b6 17. Rde1 Ra7 18. Ne5 Be6 19. Bh4 Rb7 20. Nf3 Bg7 21. Bg5
Qd7 22. Kh2 Rbb8 23. b3 Nh5 24. Nb2 Qd6+ 25. Kg1 Qa3 26. Na4 Qd6 27. g4 h6 28.
Bxe7 Rxe7 29. gxh5 Rd7 30. hxg6 Bxh3 31. Re8+ Rxe8 32. Rxe8+ Bf8 33. Qxh6 fxg6
34. Qxh3 Ra7 35. Qe6+ Qxe6 36. Rxe6 Rc7 37. Rxg6+ Kf7 38. Ne5+ Ke8 39. Rxc6 1-0

[Event "DEM U10/U10w 2003"]
[Site "Willingen GER"]
[Date "2003.06.14"]
[Round "11"]
[White "Billing, Alexander"]
[Black "Blübaum, Johanna"]
[Result "1-0"]
[Termination "normal"]
[Board "9"]
[WhiteElo "1333"]
[BlackElo "1243"]
[PlyCount "127"]
[WhiteFideId "24624420"]
[BlackFideId "24647373"]
[EventCountry "GER"]
[EventRounds "11"]
[EventType "swiss"]
[EventDate "2003.06.07"]

1. e4 e6 2. d3 d5 3. Nd2 Nc6 4. g3 Bd6 5. Bg2 Nge7 6. Ngf3 Bd7 7. O-O O-O 8.
Re1 Ne5 9. Nxe5 Bxe5 10. Nf3 Bd6 11. e5 Bc5 12. d4 Bb6 13. c3 c5 14. Bg5 Bb5
15. a4 Bc6 16. a5 Bc7 17. dxc5 h6 18. Bxe7 Qxe7 19. b4 b6 20. axb6 axb6 21. Nd4
Bd7 22. Rxa8 Rxa8 23. c4 bxc5 24. cxd5 Rd8 25. d6 Bxd6 26. exd6 Qxd6 27. Nb3
Ba4 28. Qxd6 Rxd6 29. Nxc5 Bb5 30. Ra1 Kf8 31. h3 Rd4 32. Be4 Rxb4 33. Rb1
Rxb1+ 34. Bxb1 Ke7 35. Bd3 Bxd3 36. Nxd3 Kd6 37. Kg2 g5 38. g4 f5 39. f3 fxg4
40. fxg4 e5 41. Kf3 Kd5 42. Ke3 Ke6 43. Ke4 Kf6 44. Nxe5 Ke6 45. Nf3 Kf6 46.
Nd4 Kg6 47. Ne6 h5 48. gxh5+ Kxh5 49. Kf5 Kh4 50. Nxg5 Kg3 51. Ke4 Kh4 52. Kf4
Kh5 53. Nf3 Kh6 54. Kg4 Kg6 55. h4 Kh6 56. h5 Kh7 57. Kg5 Kg7 58. h6+ Kh7 59.
Kh5 Kh8 60. Kg6 Kg8 61. Ne5 Kh8 62. Nf7+ Kg8 63. h7+ Kf8 64. h8=Q+ 1-0

[Event "DEM U10/U10w 2003"]
[Site "Willingen GER"]
[Date "2003.06.14"]
[Round "11"]
[White "Jussupow, Alexander"]
[Black "Eimer, Matthias"]
[Result "1-0"]
[Termination "normal"]
[Board "10"]
[WhiteElo "1605"]
[BlackElo "1261"]
[PlyCount "125"]
[WhiteFideId "24613509"]
[EventCountry "GER"]
[EventRounds "11"]
[EventType "swiss"]
[EventDate "2003.06.07"]

1. e4 e5 2. Bc4 Bc5 3. Nc3 Nc6 4. d3 d6 5. h3 Be6 6. Bxe6 fxe6 7. Qg4 Qe7 8.
Bg5 Nf6 9. Bxf6 Qxf6 10. Nf3 O-O-O 11. O-O h5 12. Qg5 Qxg5 13. Nxg5 Rde8 14.
Na4 Bb6 15. Nxb6+ axb6 16. f4 exf4 17. Rxf4 e5 18. Rf2 g6 19. c3 Rhf8 20. Raf1
Rxf2 21. Rxf2 Ne7 22. Rf7 d5 23. Nh7 Kd8 24. Nf6 Rh8 25. Nxd5 Nxd5 26. exd5 Kc8
27. Re7 Kd8 28. Rxe5 Kd7 29. Re6 Rg8 30. Rf6 Ke7 31. Rf3 Kd6 32. c4 Ke5 33. Kf2
Kd4 34. Ke2 Re8+ 35. Kd2 b5 36. Rf4+ Kc5 37. a3 b4 38. Re4 Rxe4 39. axb4+ Kxb4
40. dxe4 Kxc4 41. Ke3 Kc5 42. Kd3 Kd6 43. Kd4 g5 44. e5+ Ke7 45. e6 Kd6 46. Ke4
c6 47. Kf5 Ke7 48. Ke5 cxd5 49. Kxd5 b5 50. g3 b4 51. b3 Ke8 52. Kc5 Ke7 53.
Kxb4 Kxe6 54. Kc4 Kd6 55. Kd4 Kc6 56. Kc4 g4 57. h4 Kd6 58. Kb5 Kc7 59. Ka6 Kc6
60. b4 Kc7 61. b5 Kb8 62. Kb6 Ka8 63. Kc7 1-0

[Event "DEM U10/U10w 2003"]
[Site "Willingen GER"]
[Date "2003.06.14"]
[Round "11"]
[White "Lerch, Matthias"]
[Black "Endreß, Anna"]
[Result "0-1"]
[Termination "normal"]
[Board "11"]
[WhiteElo "1150"]
[BlackElo "1573"]
[PlyCount "70"]
[WhiteFideId "24662151"]
[BlackFideId "24629472"]
[EventCountry "GER"]
[EventRounds "11"]
[EventType "swiss"]
[EventDate "2003.06.07"]

1. e4 c5 2. Nf3 e6 3. d4 cxd4 4. Nxd4 Nf6 5. Nc3 Nc6 6. Be3 Bb4 7. Nde2 Nxe4 8.
Bd4 O-O 9. a3 Nxc3 10. Nxc3 Nxd4 11. Qxd4 Be7 12. Bd3 d5 13. O-O Bf6 14. Qb4
Qc7 15. Ne2 Bd7 16. c3 Rac8 17. Qg4 e5 18. Qh5 h6 19. Ng3 Rfe8 20. Rad1 Rcd8
21. Nf5 e4 22. Bb1 g6 23. Nxh6+ Kg7 24. Qxd5 Bc6 25. Qb3 Kxh6 26. Rde1 Bd5 27.
Qc2 Bc4 28. Rxe4 Rxe4 29. Qxe4 Bxf1 30. Qe3+ Kg7 31. Bxg6 fxg6 32. Kxf1 Qe5 33.
Qf3 Re8 34. Qxb7+ Re7 35. f4 Qe1# 0-1

[Event "DEM U10/U10w 2003"]
[Site "Willingen GER"]
[Date "2003.06.14"]
[Round "11"]
[White "Wang, Zhangxian"]
[Black "Zivkovic, Djordje"]
[Result "0-1"]
[Termination "normal"]
[Board "12"]
[WhiteElo "1400"]
[BlackElo "1259"]
[PlyCount "152"]
[EventCountry "GER"]
[EventRounds "11"]
[EventType "swiss"]
[EventDate "2003.06.07"]

1. e4 e5 2. Nf3 Nc6 3. Bc4 h6 4. c3 Bc5 5. d4 exd4 6. O-O d6 7. cxd4 Bb6 8. Nc3
Bg4 9. h3 Bh5 10. Be3 Nf6 11. Bb5 Nd7 12. Bxc6 bxc6 13. g4 Bg6 14. Qa4 Nb8 15.
Rad1 f6 16. Nh4 Bh7 17. Kh2 Qd7 18. Nf5 Bxf5 19. gxf5 Kf7 20. Rg1 Rh7 21. Rg3
Qc8 22. Rdg1 Kf8 23. a3 Qa6 24. Qxa6 Nxa6 25. Ne2 Re8 26. f3 Kg8 27. Nf4 Re7
28. Rg6 Rf7 29. Ne6 Kh8 30. Bd2 c5 31. d5 c4 32. Rc1 Nc5 33. Nxc5 Bxc5 34. Rxc4
Rf8 35. Kg2 Rb8 36. b4 Bb6 37. Be1 Rb7 38. Bf2 Kg8 39. Bxb6 axb6 40. a4 Kf7 41.
a5 bxa5 42. bxa5 Rh8 43. a6 Ra7 44. Kf2 Rc8 45. Rc6 Rb8 46. Rg3 Rb6 47. Rc3
Rbxa6 48. Ke3 Ra3 49. Rxa3 Rxa3+ 50. Kd4 Ra5 51. Rg2 Rc5 52. Rb2 g6 53. Rb4 g5
54. Rc4 Rxc4+ 55. Kxc4 Ke7 56. Kd3 Kd7 57. Ke3 c6 58. dxc6+ Kxc6 59. Kd4 h5 60.
Kc4 Kc7 61. Kd5 Kd7 62. Kd4 Ke7 63. Ke3 Kd7 64. Kf2 Kc6 65. Kg3 d5 66. h4 d4
67. hxg5 fxg5 68. f6 Kd7 69. f4 gxf4+ 70. Kxf4 d3 71. Ke3 h4 72. Kxd3 h3 73. e5
Ke6 74. Ke4 h2 75. Kf4 h1=Q 76. Kg5 Qh8 0-1

[Event "DEM U10/U10w 2003"]
[Site "Willingen GER"]
[Date "2003.06.14"]
[Round "11"]
[White "Mertens, Fridolin"]
[Black "Specht, Christian"]
[Result "0-1"]
[Termination "normal"]
[Board "13"]
[WhiteElo "1205"]
[BlackElo "1327"]
[PlyCount "100"]
[WhiteFideId "24671940"]
[BlackFideId "24647985"]
[EventCountry "GER"]
[EventRounds "11"]
[EventType "swiss"]
[EventDate "2003.06.07"]

1. e4 c5 2. Nf3 Nc6 3. d4 cxd4 4. Nxd4 Nf6 5. Nc3 e5 6. Ndb5 d6 7. Bg5 a6 8.
Bxf6 gxf6 9. Na3 b5 10. Nd5 Bg7 11. Bd3 O-O 12. O-O Be6 13. Be2 f5 14. exf5
Bxf5 15. c3 Ne7 16. Nxe7+ Qxe7 17. Nc2 Rac8 18. Ne3 Be6 19. Nd5 Qb7 20. Bf3
Bxd5 21. Bxd5 Qb6 22. Bf3 f5 23. Bd5+ Kh8 24. Qd3 e4 25. Qe3 Qxe3 26. fxe3 Rc5
27. Rad1 Bh6 28. Rfe1 Rf6 29. b4 Rxc3 30. Bb7 Ra3 31. Re2 Bxe3+ 32. Kh1 Bh6 33.
h3 Rd3 34. Rxd3 exd3 35. Re8+ Kg7 36. Re1 d2 37. Rd1 Re6 38. Bf3 Re1+ 39. Kh2
Rxd1 40. Bxd1 Kf6 41. Kg3 Ke5 42. Kf3 Kd4 43. Ke2 Kc3 44. a3 Kb2 45. Kd3 Kc1
46. Ke2 Bg5 47. g3 Bf6 48. h4 Bb2 49. Bb3 Bxa3 50. Bd1 Bxb4 0-1

[Event "DEM U10/U10w 2003"]
[Site "Willingen GER"]
[Date "2003.06.14"]
[Round "11"]
[White "Berchtenbreiter, Maximilian"]
[Black "Grimm, Pascal"]
[Result "0-1"]
[Termination "normal"]
[Board "14"]
[WhiteElo "1282"]
[BlackElo "1246"]
[PlyCount "134"]
[WhiteFideId "24641120"]
[BlackFideId "24620122"]
[EventCountry "GER"]
[EventRounds "11"]
[EventType "swiss"]
[EventDate "2003.06.07"]

1. d4 d5 2. c4 e6 3. Nc3 Nf6 4. Nf3 Be7 5. Bg5 h6 6. Bh4 Nc6 7. e3 O-O 8. Bd3
dxc4 9. Bxc4 Bd7 10. O-O Ne8 11. Bxe7 Qxe7 12. a3 Nf6 13. Rc1 Rfd8 14. d5 exd5
15. Nxd5 Nxd5 16. Bxd5 Be6 17. e4 Bxd5 18. exd5 Nb8 19. Qc2 Rc8 20. Rfe1 Qf6
21. Qd3 Nd7 22. Qd4 Qxd4 23. Nxd4 Nb6 24. Nf5 Re8 25. Ne3 Rac8 26. Kf1 g6 27.
b3 Kg7 28. Rcd1 Rcd8 29. Re2 Re7 30. Ke1 Red7 31. Red2 f5 32. f4 Kf6 33. Kf2 c6
34. d6 Ke6 35. Nc4 Nxc4 36. bxc4 Rxd6 37. Ke3 Rxd2 38. Rxd2 Rxd2 39. Kxd2 Kd6
40. Kd3 Kc5 41. h3 b5 42. cxb5 cxb5 43. g4 a5 44. gxf5 gxf5 45. Kc3 b4+ 46.
axb4+ axb4+ 47. Kb3 Kb5 48. h4 h5 49. Kb2 Kc4 50. Kc2 b3+ 51. Kb2 Kd3 52. Kxb3
Ke4 53. Kc2 Kxf4 54. Kd2 Kg4 55. Ke2 Kxh4 56. Kf2 Kg4 57. Kg2 h4 58. Kh2 Kf3
59. Kh1 Ke2 60. Kg2 f4 61. Kh1 f3 62. Kh2 h3 63. Kg1 h2+ 64. Kh1 f2 65. Kg2
f1=Q+ 66. Kxh2 Qf4+ 67. Kh1 Qg5 0-1